00969 a2200193 4500003000500000005001700005020001700022040000900039082001600048100002500064245005200089260004100141300002900182505038000211650002800591942001200619999001900631952012500650Nust20221121115309.0 a0029487102 : cNust00a621.381,LOW1 aJowett, C. E.97642710aElectronic devices in industry /cC. E. Jowett. aNew York, N.Y. :bMacmillan,cc1984. a167 p. :bill. ;c24 cm. aIntroduction (Page-6), Semiconductors (Page-7), Integrated Circuits (Page-14), Integrated electrical components (Page-32), Linear integrated circuits technology (Page-68), Integrated circuits Layout (Page-81), Design error failures (Page-104), Primary Selection for Power Supplies (Page-123), Micro discrete components (Page-129), Integrated Circuits Applications (Page-135). 0aIndustrial electronics. 2ddccBK c181372d181372 00102ddc4070aMCSbMCScGENd2016-12-12o621.381,JOWpMCS21294r2016-12-08w2016-12-12yBKzAlmirah No.31, Shelf No.3